Gerhard Marcks : October 16-November 10, 1951, Curt Valentin Gallery, New York October 16-November 10, 1951, Curt Valentin Gallery, New York
Descripción Física:
[16] pàg. : il. b/n ; 17 cm
Materias:
Marcks, Gerhard, -- 1889-1981
; Marcks, Gerhard, -- 1889-1981 -- Catàlegs
; Fons Joan Junyer i Pascual (1909-1994)
; Art alemany -- S. XX -- Catàlegs
; Escultura alemanya -- S. XX -- Catàlegs
; Fulletons
Idioma:
English
MARC
| LEADER | 00000nam a22000007a 4500 | ||
|---|---|---|---|
| 001 | 24805 | ||
| 003 | AGDB | ||
| 005 | 20260324181537.0 | ||
| 008 | 251023b -us||||| |||| 00| 0 eng d | ||
| 041 | |a eng | ||
| 245 | |a Gerhard Marcks : |b October 16-November 10, 1951, Curt Valentin Gallery, New York | ||
| 260 | |a New York : |b Curt Valentin Gallery , |c 1951 | ||
| 300 | |a [16] pàg. : |b il. b/n ; |c 17 cm | ||
| 500 | |a Prové del fons Joan Junyer i Pascual (1909-1994) | ||
| 600 | 0 | |a Marcks, Gerhard, |d 1889-1981 |9 72649 | |
| 600 | 0 | |a Marcks, Gerhard, |d 1889-1981 |v Catàlegs |9 72650 | |
| 650 | |a Fons Joan Junyer i Pascual (1909-1994) |9 72777 | ||
| 650 | 0 | |a Art alemany |y S. XX |v Catàlegs |9 72651 | |
| 650 | 0 | |a Escultura alemanya |y S. XX |v Catàlegs |9 72653 | |
| 655 | 0 | |a Fulletons |9 55858 | |
| 710 | |a Curt Valentin Gallery (Nova York, Nova York) |9 72435 | ||
| 942 | |2 udc |c ARXIU |n 1 | ||
| 952 | |0 0 |1 0 |4 0 |6 F504132 |7 1 |9 98551 |a Arxiu |b Arxiu |d 2025-10-23 |l 0 |o F-504-132 |p 24805 |r 2025-10-23 09:34:27 |w 2025-10-23 |y ARXIU | ||
| 999 | |c 130302 |d 130302 | ||